[Event "Coin op 4th"]
[Site "Coin"]
[Date "2024.03.29"]
[Round "6"]
[White "Colloridi, Catalina"]
[Black "Ramirez Sanchez, Samuel"]
[Result "1/2-1/2"]
[WhiteElo "1850"]
[BlackElo "1876"]
[PlyCount "71"]
[EventDate "2024.03.25"]
[EventType "swiss"]
[EventRounds "9"]
[EventCountry "ESP"]
[SourceTitle "EXT 2025"]
[Source "ChessBase"]
[SourceDate "2024.10.14"]
[SourceVersion "1"]
[SourceVersionDate "2024.10.14"]
[SourceQuality "1"]

1. e4 c6 2. Nc3 d5 3. Nf3 Bg4 4. d4 dxe4 5. Nxe4 e6 6. c3 Nf6 7. Bd3 Nxe4 8. Bxe4 Bd6 9. h3 Bh5 10. Be3 Nd7 11. 0-0 f5 12. Bc2 f4 13. Bd2 Qf6 14. Kh2 g5 15. g3 g4 16. Ne5 Nxe5 17. dxe5 Bxe5 18. Qc1 fxg3+ 19. fxg3 Qh4 20. Bf4 Qxh3+ 21. Kg1 Bxf4 22. Qxf4 0-0-0 23. Bb3 Be8 24. Bxe6+ Bd7 25. Bxd7+ Rxd7 26. Rad1 Rhd8 27. Rxd7 Rxd7 28. Qf8+ Rd8 29. Qf5+ Kb8 30. Qe5+ Ka8 31. Qc7 Rb8 32. Rd1 a6 33. Rd8 Rxd8 34. Qxd8+ Ka7 35. Qd4+ Kb8 36. Qd8+ 1/2-1/2

[Event "Coin op 4th"]
[Site "Coin"]
[Date "2024.03.25"]
[Round "1"]
[White "Ramirez Sanchez, Samuel"]
[Black "Catarineu Morales, Alex"]
[Result "0-1"]
[WhiteElo "1876"]
[BlackElo "2056"]
[PlyCount "110"]
[EventDate "2024.03.25"]
[EventType "swiss"]
[EventRounds "9"]
[EventCountry "ESP"]
[SourceTitle "EXT 2025"]
[Source "ChessBase"]
[SourceDate "2024.10.14"]
[SourceVersion "1"]
[SourceVersionDate "2024.10.14"]
[SourceQuality "1"]

1. d4 d5 2. Bf4 c5 3. e3 Nf6 4. c3 Nc6 5. Bd3 Qb6 6. Qc1 Bg4 7. h3 Bh5 8. Nd2 Rc8 9. Ngf3 e6 10. 0-0 Bg6 11. Bxg6 hxg6 12. Rb1 Ne4 13. Qd1 f6 14. Nxe4 dxe4 15. Nd2 g5 16. Bh2 f5 17. f3 exf3 18. Qxf3 Rd8 19. Kh1 Rd7 20. Nc4 Qd8 21. e4 f4 22. d5 exd5 23. exd5 Rxd5 24. Qe4+ Be7 25. Qg6+ Kf8 26. Rbe1 Rh6 27. Qe4 Qd7 28. Ne3 Re5 29. Qa4 Rhe6 30. Rd1 Qc8 31. Nd5 Re4 32. Qc2 Kg8 33. a3 c4 34. Nxe7+ Rxe7 35. Rd2 Qe8 36. Bg1 Qh5 37. Qd1 Qxd1 38. Rfxd1 Kf7 39. Bc5 Re1+ 40. Rxe1 Rxe1+ 41. Kh2 Ne5 42. a4 Nd3 43. Ba3 Re3 44. Bd6 Ke6 45. Bb8 a6 46. Ba7 Re1 47. Bd4 g6 48. Bg7 b5 49. axb5 axb5 50. Bh6 Kf5 51. g4+ Kf6 52. Kg2 Re8 53. h4 gxh4 54. g5+ Kf5 55. b4 Kg4 0-1

[Event "Seville-ch"]
[Site "Seville"]
[Date "2014.02.01"]
[Round "2.9"]
[White "Ruiz Rodriguez, Jose Manuel"]
[Black "Ramirez Sanchez, Samuel"]
[Result "1-0"]
[WhiteElo "2001"]
[BlackElo "1912"]
[PlyCount "71"]
[EventDate "2014.01.25"]
[EventType "swiss"]
[EventRounds "9"]
[EventCountry "ESP"]
[SourceTitle "EXT 2024"]
[Source "ChessBase"]
[SourceDate "2023.10.10"]
[SourceVersion "1"]
[SourceVersionDate "2023.10.10"]
[SourceQuality "1"]

1. Nf3 Nc6 2. d4 d5 3. Bf4 Nf6 4. e3 h6 5. h3 e6 6. c4 Be7 7. Nc3 0-0 8. Rc1 a6 9. Bd3 dxc4 10. Bxc4 b5 11. Bd3 Bb7 12. 0-0 Nb4 13. Bb1 Nbd5 14. Nxd5 Nxd5 15. Qc2 Nf6 16. Qxc7 Bxf3 17. Qxd8 Rfxd8 18. gxf3 Rac8 19. Be4 Nd5 20. Bxd5 exd5 21. Bc7 Rd7 22. Ba5 Rxc1 23. Rxc1 Rd6 24. Kf1 Re6 25. Rc7 Kh7 26. Rd7 Kg6 27. Rxd5 Rc6 28. Rd7 Rc1+ 29. Kg2 Bh4 30. Rc7 Ra1 31. a3 f6 32. e4 f5 33. Rc6+ Kf7 34. Rxa6 Rb1 35. Bc3 Rc1 36. d5 1-0